| 000 | 00552nam a2200205Ia 4500 | ||
|---|---|---|---|
| 008 | 170203s9999 xx 000 0 und d | ||
| 020 | _a0 755435060 | ||
| 050 | _a0 30 | ||
| 050 | _bM995 2004 | ||
| 245 | _aMy first book on the human body : | ||
| 245 | _ba visual guide to human anatomy / | ||
| 260 | _aEngland : | ||
| 260 | _bGrandreams Books, | ||
| 260 | _c2004 | ||
| 300 | _a45 pages : | ||
| 300 | _bcolor illustrations, color portraits | ||
| 300 | _c30 cm. | ||
| 650 | _aHuman anatomy -- | ||
| 650 | _xStudy and teaching (Primary) | ||
| 999 |
_c305605 _d305605 |
||